LEADER 00690nam a2200205 i 4500 001 000000245153 003 CaOOAMICUS 005 20150924000000.0 008 150924s1948 it u000 u ita u 013 $a224058 040 $aSeMil$bita 245 10$aVolume 2. 300 $aVI, 305 p., [10] p. di tav. 500 $aFondo card. Giovanni Colombo. 773 0 $aJoergensen, Johannes <1866-1956>$tSanta Brigida di Vadstena.$dBrescia : Morcelliana, [1948?]$w()32582 850 $aSeMil 852 $aSeMil$W1$xVenegono$y1$m3GC V 290$j242300$B195499$CSeMilBibl$Z2$F206175 $8B 941 1 $a3 961 $aLascito: Colombo Card. Giovanni 996 $6245$aVolume 2$9(OLS)http://semarc/title/11564 LEADER 01145nam a2200241 i 4500 001 000000108155 003 CaOOAMICUS 005 20030703000000.0 008 030703s1988 it u000 u ita u 013 $a80762 040 $aSeMil$bita 100 1 $aPacomio, Luciano,$c.$0(OLS)http://semarc/name/648 245 14$aUno straordinario piccolo prete chiamato il «buon padre» /$cLuciano Pacomio. 260 $aCasale Monferrato (AL) :$bPiemme,$c1988. 300 $a63 p., [8] p. di tav. ;$c21 cm. 500 $aContiene : Scheda biografica ; Nota bibliografica. - In Appendice : Le tre ultime lettere del «buon padre», come testamento. - Fondo Card. C.M. Martini. 600 14$aFournet, Andrea-Uberto .$0(OLS)http://semarc/subject/19040 850 $aSeMil 852 $aSeMil$W1$xVenegono$y1$m3H III 269$j64251$B64251$CSeMilBibl$Z2$F91148 $81 941 1 $a4 961 $aOmaggio: Martini Card. Carlo Maria 996 $6245$aUno straordinario piccolo prete chiamato il «buon padre»$9(OLS)http://semarc/title/156787 996 $6260$aCasale Monferrato (AL) :$bPiemme$9(OLS)http://semarc/publisher/30052